000 01838cam a2200169 4500500
005 20260426020108.0
041 _afre
042 _adc
100 1 0 _aSimond, Marianne
_eauthor
245 0 0 _aIntermède
260 _c2005.
500 _a94
520 _aLes changements actuels, concernant tout autant le registre socioculturel que les patients eux-mêmes, avec des pathologies du narcissisme de plus en plus nombreuses, entraînent un nouveau rapport à l’agir en cure. Sans démentir les nébulosités de la conscience, et sans refuser la pesanteur des marques de l’histoire, le psychanalyste se doit d’aider l’analysant à commencer d’abord par désirer vouloir, et ensuite laisser surgir le vouloir lui-même, ne pas lui barrer la route pour enfin saisir au vol l’instant de la décision. Le seul régime de croyance indispensable à la psychanalyse est celui de croire aux possibles, et, de transmettre, d’une certaine façon, cette croyance.
520 _aTo act, the impossibility to act The ongoing changes, whether regarding the socio-cultural register or the patients themselves, with the increasing narcissism pathologies, lead to a new interaction with acting out in treatment. Not denying the nebulosity of conscience nor refusing the load of history traces, the psychoanalyst must first help the analysand with his willing to desire, only then can he let the will itself spring out, without cutting its passage through and finally grasp the moment of decision. The unique belief system necessary to psychoanalysis is to believe in possibilities, and to transmit, in a certain way, this belief.
786 0 _nImaginaire & Inconscient | 16 | 2 | 2005-11-01 | p. 129-132 | 1628-9676
856 4 1 _uhttps://shs.cairn.info/revue-imaginaire-et-inconscient-2005-2-page-129?lang=fr&redirect-ssocas=7080
999 _c2225432
_d2225432